000 00615nam a2200229 i 4500
001 C2-0130606
003 PPAK
005 20180727121834.0
008 971005s1990 my |||| ||||| | may d
040 _aPPAK
_beng
_cPPAK
_erda
082 0 4 _a515.2433
_223
090 0 0 _a515.2433
_bMOH
_dKIH
100 0 _aMohd. Nor Mohamad,
_eauthor
245 1 0 _aSiri Fourier
264 1 _aKuala Lumpur :
_bDewan Bahasa dan Pustaka ,
_c1990
300 _ax, 162 pages ;
_c21 cm
336 _2rdacontent
_atext
337 _2rdamedia
_aunmediated
338 _2rdacarrier
_avolume
650 1 0 _aFourier series
942 _ddc
_cB
999 _c40124
_d40124